000
00281nam a22001217a 4500
008
181102b xxu||||| |||| 00| 0 eng d
041
_a
eng
080
_a
611
100
_a
6
101
_a
ANA
245
_a
Clinical Neuroanatomy and Neurophysiology
_c
Manter, J.T
942
_2
udc
_c
BK
999
_c
51639
_d
51639